Pokémon - Alola-Dex - Statistiken

Allgemein
  • Dieses Quiz wurde 66 mal gespielt
  • Das Durchschnittsergebnis liegt bei 210 aus 403
Antwortstatistiken
Dex-Nr. Pokémon % Korrekt
001 Bauz
97%
004 Flamiau
91%
007 Robball
91%
006 Fuegro
88%
003 Silvarro
88%
384 Kapu-Fala
85%
383 Kapu-Riki
85%
385 Kapu-Toro
85%
390 Lunala
85%
032 Pikachu
85%
033 Raichu
85%
389 Solgaleo
85%
126 Wuffels
85%
009 Primarene
82%
386 Kapu-Kime
79%
356 Kokowei
79%
031 Pichu
79%
154 Aquana
76%
155 Blitza
76%
153 Evoli
76%
161 Feelinara
76%
156 Flamara
76%
158 Nachtara
76%
355 Owei
76%
157 Psiana
76%
015 Rattfratz
76%
016 Rattikarl
76%
127 Wolwerock
76%
035 Akkup
73%
387 Cosmog
73%
159 Folipurba
73%
160 Glaziola
73%
013 Mangunior
73%
005 Miezunder
73%
010 Peppeck
73%
170 Tauros
73%
330 Vulpix
73%
085 Digda
70%
086 Digdri
70%
112 Garados
70%
111 Karpador
70%
034 Mabula
70%
119 Machomei
70%
054 Magnetilo
70%
055 Magneton
70%
014 Manguspektor
70%
166 Pampross
70%
017 Raupy
70%
018 Safcon
70%
058 Sleimok
70%
019 Smettbo
70%
292 Togedemaru
70%
012 Tukanon
70%
331 Vulnona
70%
080 Zubat
70%
391 Anego
67%
065 Arkani
67%
388 Cosmovum
67%
036 Donarion
67%
075 Gengar
67%
299 Georok
67%
363 Grandiras
67%
298 Kleinstein
67%
117 Machollo
67%
056 Magnezone
67%
052 Mauzi
67%
171 Miltank
67%
400 Necrozma
67%
043 Relaxo
67%
057 Sleima
67%
011 Trompeck
67%
074 Alpollo
64%
196 Amfira
64%
002 Arboretoss
64%
381 Dragoran
64%
379 Dratini
64%
044 Flegmon
64%
207 Frubberl
64%
300 Geowaz
64%
081 Golbat
64%
045 Lahmus
64%
008 Marikeck
64%
195 Molunk
64%
165 Pampuli
64%
221 Reißlaus
64%
399 Schlingking
64%
053 Snobilikat
64%
047 Wingull
64%
380 Dragonir
61%
064 Fukano
61%
136 Garstella
61%
087 Habitak
61%
088 Ibitak
61%
046 Laschoking
61%
378 Lucario
61%
133 Lusardin
61%
068 Makuhita
61%
177 Mantidea
61%
315 Mimigma
61%
073 Nebulak
61%
048 Pelipper
61%
329 Sandamer
61%
149 Brutalanda
58%
291 Dedenne
58%
208 Frubaila
58%
069 Hariyama
58%
082 Iksbat
58%
398 Katagami
58%
071 Krabbox
58%
353 Lapras
58%
118 Maschock
58%
394 Masskito
58%
328 Sandan
58%
395 Schabelle
58%
222 Tectass
58%
288 Tortunator
58%
137 Aggrostella
55%
097 Choreogel
55%
314 Clavion
55%
193 Dartignis
55%
192 Dartiri
55%
148 Draschel
55%
295 Elekid
55%
297 Elevoltek
55%
107 Enton
55%
194 Fiaro
55%
209 Fruyal
55%
307 Kaumalat
55%
309 Knakrack
55%
308 Knarksel
55%
198 Knogga
55%
215 Kommandutan
55%
020 Ledyba
55%
306 Libelldra
55%
201 Magmar
55%
362 Mediras
55%
361 Miniras
55%
216 Quartermak
55%
223 Sterndu
55%
197 Tragosso
55%
205 Velursi
55%
098 Wommel
55%
049 Abra
52%
099 Bandelby
52%
083 eF-eM
52%
131 Finneon
52%
324 Firnontor
52%
100 Flabébé
52%
102 Florges
52%
256 Gufa
52%
176 Imantis
52%
229 Kabuto
52%
230 Kabutops
52%
050 Kadabra
52%
199 Kangama
52%
147 Kindwurm
52%
169 Knuddeluff
52%
393 Kopplosio
52%
206 Kosturso
52%
021 Ledian
52%
132 Lumineon
52%
200 Magby
52%
401 Magearna
52%
042 Mampfaxo
52%
146 Mantax
52%
145 Mantirps
52%
402 Marshadow
52%
392 Muramura
52%
168 Pummeluff
52%
184 Quappo
52%
182 Quapsel
52%
377 Riolu
52%
323 Schneppke
52%
321 Sen-Long
52%
365 Sichlor
52%
051 Simsala
52%
129 Tentacha
52%
346 Tohaido
52%
373 Traunmagil
52%
259 Typ:Null
52%
084 UHaFnir
52%
352 Wailord
52%
105 Waumboll
52%
029 Zoroark
52%
028 Zorua
52%
382 Aerodactyl
48%
260 Amigento
48%
227 Amonitas
48%
233 Anorith
48%
174 Araqua
48%
234 Armaldo
48%
139 Austos
48%
189 Barschwa
48%
027 Calamanero
48%
040 Chaneira
48%
226 Colossand
48%
135 Corasonn
48%
210 Curelei
48%
249 Despotar
48%
271 Ditto
48%
076 Driftlon
48%
077 Drifzepeli
48%
296 Elektek
48%
364 Emolga
48%
108 Entoron
48%
167 Fluffeluff
48%
325 Frosdedje
48%
312 Golbit
48%
313 Golgantes
48%
041 Heiteira
48%
026 Iscalar
48%
397 Kaguron
48%
304 Knacklion
48%
286 Koalelu
48%
235 Koknodon
48%
072 Krawell
48%
257 Lampi
48%
231 Liliep
48%
202 Magbrant
48%
093 Menki
48%
280 Metagross
48%
279 Metang
48%
190 Milotic
48%
144 Octillery
48%
270 Panzaeron
48%
248 Pupitar
48%
183 Quaputzi
48%
236 Rameidon
48%
094 Rasaff
48%
143 Remoraid
48%
225 Sankabuh
48%
366 Scherox
48%
374 Shardrago
48%
224 Starmie
48%
278 Tanhel
48%
130 Tentoxa
48%
372 Traunfugil
48%
251 Trombork
48%
396 Voltriant
48%
351 Wailmer
48%
232 Wielie
48%
039 Wonneira
48%
403 Zeraora
48%
124 Zobiris
48%
240 Aeropteryx
45%
246 Amagarga
45%
228 Amoroso
45%
319 Apoquallyp
45%
175 Aranestro
45%
023 Ariados
45%
238 Bollterus
45%
106 Elfun
45%
070 Farbeagle
45%
239 Flapteryx
45%
101 Floette
45%
125 Flunkifer
45%
241 Galapaflos
45%
301 Ganovil
45%
024 Haspiror
45%
345 Kanivanha
45%
242 Karippas
45%
320 Knirfish
45%
079 Kramshef
45%
078 Kramurx
45%
247 Larvitar
45%
134 Liebiskus
45%
191 Mamolida
45%
277 Meteno
45%
138 Muschas
45%
250 Paragoni
45%
273 Piepi
45%
272 Pii
45%
274 Pixi
45%
281 Porygon
45%
282 Porygon2
45%
283 Porygon-Z
45%
318 Quabbel
45%
185 Quaxo
45%
349 Scampisto
45%
025 Schlapor
45%
264 Unratütox
45%
305 Vibrava
45%
022 Webarak
45%
350 Wummer
45%
141 Aalabyss
42%
347 Algitt
42%
245 Amarino
42%
164 Ampharos
42%
243 Balgoras
42%
317 Banette
42%
338 Caesurio
42%
265 Deponitox
42%
104 Dressella
42%
269 Forstellka
42%
342 Gastrodon
42%
089 Geronimatz
42%
337 Gladiantri
42%
212 Hoothoot
42%
067 Hypno
42%
336 Irokex
42%
120 Kiesling
42%
258 Lanturn
42%
103 Lilminip
42%
244 Monargoras
42%
344 Moruda
42%
252 Natu
42%
213 Noctuh
42%
180 Paras
42%
181 Parasek
42%
140 Perlu
42%
287 Qurtel
42%
303 Rabigator
42%
343 Relicanth
42%
302 Rokkaiman
42%
142 Saganabyss
42%
341 Schalellos
42%
237 Schilterus
42%
316 Shuppet
42%
327 Snibunna
42%
326 Sniebel
42%
339 Snubbull
42%
348 Tandrak
42%
268 Tannza
42%
066 Traumato
42%
354 Tropius
42%
294 Voltenso
42%
162 Voltilamm
42%
253 Xatu
42%
335 Zurrokex
42%
322 Absol
39%
188 Barschuft
39%
095 Botogel
39%
063 Dummisel
39%
220 Formeo
39%
293 Frizelbliz
39%
334 Gelatwino
39%
340 Granbull
39%
092 Grypheldis
39%
290 Hundemon
39%
289 Hunduster
39%
203 Ignivor
39%
116 Jugong
39%
115 Jurob
39%
214 Kecleon
39%
357 Krebscorps
39%
358 Krebutack
39%
311 Lepumentas
39%
359 Lin-Fu
39%
276 Megalon
39%
038 Mogelbaum
39%
254 Nasgnet
39%
284 Pam-Pam
39%
059 Pantimimi
39%
060 Pantimos
39%
310 Puppance
39%
275 Pygraulon
39%
204 Ramoth
39%
096 Resladero
39%
061 Rettan
39%
123 Rocara
39%
113 Schmerbe
39%
091 Skallyk
39%
218 Viscargot
39%
219 Viscogon
39%
217 Viscora
39%
255 Voluminas
39%
163 Waaty
39%
090 Washakwil
39%
114 Welsar
39%
360 Wie-Shu
39%
150 Yorkleff
39%
262 Agoyon
36%
062 Arbok
36%
152 Bissbark
36%
178 Bubungus
36%
267 Chillabell
36%
172 Gehweiher
36%
332 Gelatini
36%
333 Gelatroppo
36%
186 Goldini
36%
187 Golking
36%
173 Maskeregen
36%
285 Pandagro
36%
128 Pandir
36%
266 Picochilla
36%
211 Pinsir
36%
375 Schlurp
36%
367 Skaraborn
36%
261 Venicro
36%
122 Brockoloss
33%
109 Kussilla
33%
179 Lamellux
33%
037 Mobai
33%
110 Rossana
33%
376 Schlurplek
33%
121 Sedimantur
33%
369 Ambidiffel
30%
030 Coiffwaff
30%
368 Griffel
30%
370 Leufeo
30%
371 Pyroleo
30%
151 Terribark
30%
263 Zygarde
18%
Keine übereinstimmenden Quizze gefunden
Verteilung der Resultate
Anzahl Personen mit jedem Resultat
Perzentil nach korrekt beantworteten Fragen
Ihre Resultats-Entwicklung
Sie haben dieses Quiz noch nicht gespielt